000 00618nam a2200181Ia 4500
008 100920s9999 xx 000 0 und d
082 _b43358
_a891.463.1 थ 77
100 _aदांडेकर मालती.
245 _aशूरा मी वंदिले !.
260 _bश्रीविशाखा प्रकाशन, पुणे 30.
_c1977
300 _a128
_bसाधी
365 _b10
520 _aलघुकथा.
630 _aशूरा मी वंदिले !.
650 _aलघुकथा.
730 _aशूरा मी वंदिले !.
942 _cBOOK
999 _c692920
_d692917